STN 33 2000-5-551/A11: 2018, Elektrické inštalácie nízkeho napätia Časť 5-55 Výber a stavba elektrických zariadení. Iné zariadenia Oddiel 551 Nízkonapäťové generátorové agregáty. Zmena A11

Táto zmena A11 STN 33 2000-5-551: 2010 obsahuje HD 60364-5-551: 2010/A11: 2016 v slovenskom jazyku

Bibliographic Details
Main Authors: Čatlošová, Valentína (Author), Čatloš, Marcel (Author)
Corporate Author: INFOSERVIS (Krompachy, Slovensko) (Author)
Format: Book
Language:Slovak
PhysicalDescription:12 s. obr., tab. 30 cm
Published: Bratislava Úrad pre normalizáciu, metrológiu a skúšobníctvo Slovenskej republiky 2018
Subjects:

MARC

LEADER 00000cam a2200000 a 4500
001 vtls011767207
003 SK-MaSNL
005 20260302091301.0
008 180717s2018 xo a f u 000 0 slo
015 |a SNBN2018 
040 |a SNK  |b slo  |c SNK  |e AACR2 
041 0 |a slo 
044 |a xo  |c SK 
046 |a s  |m 20180701 (účin.) 
072 7 |a 696  |x Inštalácie v budovách  |2 konspekt 
072 7 |a 621.3  |x Elektrotechnika  |2 konspekt 
080 |a 696.6  |2 2011 
080 |a 006.7/.8  |2 2001 
080 |a (437.6)  |2 2001 
080 |a (4)  |2 2001 
080 |a 621.316  |2 2011 
080 |a 331.45  |2 2011 
084 |a 91.140  |2 ICS 
245 0 0 |a STN 33 2000-5-551/A11: 2018, Elektrické inštalácie nízkeho napätia  |n Časť 5-55  |p Výber a stavba elektrických zariadení. Iné zariadenia  |n Oddiel 551  |p Nízkonapäťové generátorové agregáty. Zmena A11 
246 1 0 |a Elektrické inštalácie nízkeho napätia. Časť 5-55 
246 1 0 |a Výber a stavba elektrických zariadení. Iné zariadenia. Oddiel 551 
246 1 0 |a Nízkonapäťové generátorové agregáty 
260 |a Bratislava  |b Úrad pre normalizáciu, metrológiu a skúšobníctvo Slovenskej republiky  |c 2018 
300 |a 12 s.  |b obr., tab.  |c 30 cm 
500 |a Súbežný názov v angličtine, francúzštine, nemčine 
500 |a Spracovateľ: Infoservis Krompachy, Valentína Čatlošová, Marcel Čatloš 
500 |a Táto norma nahrádza anglickú verziu STN 33 2000-5-551/A11 z októbra 2016 v celom rozsahu 
504 |a Normatívne referenčné dokumenty, súvisiace právne predpisy s. 2 
520 8 |a Táto zmena A11 STN 33 2000-5-551: 2010 obsahuje HD 60364-5-551: 2010/A11: 2016 v slovenskom jazyku 
540 |a STN vydané na akomkoľvek nosiči sa môžu rozmnožovať a rozširovať iba so súhlasom určenej právnickej osoby  |b SÚTN Bratislava  |c zákon 264/1999 Z. z. 
650 0 7 |a elektrické inštalácie  |2 SNKPH  |9 67471 
650 0 7 |a technické normy a štandardy  |z Slovensko  |2 SNKPH  |9 79594 
650 0 7 |a technické normy a štandardy  |z krajiny Európskej únie  |2 SNKPH  |9 289341 
650 0 7 |a Electric wiring  |2 SNKPHeng  |9 291772 
650 0 7 |a Industrial safety  |2 SNKPHeng  |9 267226 
650 0 7 |a bezpečnosť práce  |2 SNKPH  |9 1296 
655 7 |a normy  |2 SNKPH  |9 70643 
700 1 |a Čatlošová, Valentína  |4 aut  |9 498297 
700 1 |a Čatloš, Marcel  |4 aut  |9 291773 
710 1 |a Slovensko.  |b Úrad pre normalizáciu, metrológiu a skúšobníctvo  |4 stn  |9 158117 
710 2 |a Slovenský ústav technickej normalizácie (Bratislava, Slovensko).  |b Technická komisia č. 84 Elektrické inštalácie a ochrana pred zásahom elektrickým prúdom  |4 stn  |9 311489 
710 2 |a INFOSERVIS (Krompachy, Slovensko)  |4 aut  |9 297359 
852 |a Štátna vedecká knižnica v Banskej Bystrici 
958 |a NB 
999 |c 1199913  |d 1201843 
952 |a SNK  |b SNK  |y PREZ  |7 0  |p 17A1338016  |o snkSTN 33 2000-5-551/A11  |i snk2018/22649  |8 0  |0 0  |1 0  |4 0  |d 2018-11-05  |l 0  |r 2026-02-24 22:39:19  |w 2026-02-24 
952 |a SNK  |b SNK  |y PREZ  |7 0  |p 17A1338017  |o snkSTN 33 2000-5-551/A11 D1  |i snk2018/22650  |8 0  |0 0  |1 0  |4 0  |d 2018-11-05  |l 0  |r 2026-02-24 22:39:19  |w 2026-02-24